000 00298nam a2200109Ia 4500
008 201231s9999 xx 000 0 und d
100 _aBader, Gloria E., Bloom, Audrey E. and Chang, Richard Y.
245 0 _aMeasuring Team Performance
260 _aNew Delhi
_bWheeler pub
300 _a0
942 _cBK
999 _c9875
_d9875